| 000 | 00509nam a22002057a 4500 | ||
|---|---|---|---|
| 003 | OSt | ||
| 005 | 20180116183024.0 | ||
| 008 | 151202b xxu||||| |||| 00| 0 eng d | ||
| 040 | _c0 | ||
| 050 | _a813.54 | ||
| 082 | _a813.54 | ||
| 100 | _aMcquinn,Donald E. | ||
| 245 |
_aTargets. _cDonald E.Mcquinn |
||
| 260 |
_aAmerica _bA Tom Doherty Associates book. _c1980. |
||
| 300 | _a512p. | ||
| 500 | _aPaper Cover | ||
| 600 | _aMcquinn,Donald E. | ||
| 700 | _aMcquinn,Donald E. | ||
| 942 |
_2ddc _cBK _k813.54 |
||
| 999 |
_c350710 _d350710 |
||